Sports Quiz

Random Sports or NFL Quiz
Score 0/56 Timer 03:00
5 Plays Today
Years Team % Correct
1927-1928New York Yankees
97.2%
1961-1962New York Yankees
97.2%
1949-1953New York Yankees
97.2%
1936-1939New York Yankees
97.2%
1977-1978New York Yankees
97.2%
1998-2000New York Yankees
97.2%
1987-1988Los Angeles Lakers
94.1%
2000-2002Los Angeles Lakers
94.1%
1952-1954Minneapolis Lakers
93.4%
2017-2018Golden State Warriors
89.2%
2004-2005New England Patriots
88.3%
1975-1976Cincinnati Reds
88%
1959-1966Boston Celtics
86.4%
1968-1969Boston Celtics
86.4%
2012-2013Miami Heat
85%
1991-1993Chicago Bulls
82.1%
1996-1998Chicago Bulls
82.1%
1915-1916Boston Red Sox
78.8%
1993-1994Dallas Cowboys
78.5%
2016-2017Pittsburgh Penguins
77.4%
1966-1968Green Bay Packers
76.2%
1975-1976Pittsburgh Steelers
75.9%
1979-1980Pittsburgh Steelers
75.9%
1936-1937Detroit Red Wings
75.6%
1954-1955Detroit Red Wings
75.6%
1997-1998Detroit Red Wings
75.6%
1961-1962Green Bay Packers
75%
2009-2010Los Angeles Lakers
71.4%
Years Team % Correct
1921-1922New York Giants
70.9%
1930-1931Montreal Canadiens
68%
1956-1960Montreal Canadiens
68%
1965-1966Montreal Canadiens
68%
1968-1969Montreal Canadiens
68%
1976-1979Montreal Canadiens
68%
1989-1990San Francisco 49ers
66%
1998-1999Denver Broncos
61.9%
1907-1908Chicago Cubs
60.3%
1984-1985Edmonton Oilers
58.6%
1987-1988Edmonton Oilers
58.6%
1989-1990Detroit Pistons
58.4%
1994-1995Houston Rockets
57.7%
1962-1964Toronto Maple Leafs
56.4%
1947-1949Toronto Maple Leafs
56.4%
1991-1992Pittsburgh Penguins
54.1%
1972-1974Oakland Athletics
53.9%
1929-1930Philadelphia Athletics
53.7%
1910-1911Philadelphia Athletics
53.7%
1940-1941Chicago Bears
51.1%
1992-1993Toronto Blue Jays
50.8%
1980-1983New York Islanders
49.7%
1973-1974Miami Dolphins
45.7%
1958-1959Baltimore Colts
41.5%
1954-1955Cleveland Browns
40.9%
1974-1975Philadelphia Flyers
40.6%
1952-1953Detroit Lions
33.5%
1948-1949Philadelphia Eagles
28.6%
Remove Ads.
Support Sporcle.
Get the best of Sporcle when you Go Orange. This ad-free experience offers more features, more stats, and more fun while also helping to support Sporcle. Thank you for becoming a member.

You're not logged in!

Compare scores with friends on all Sporcle quizzes.
OR
Log In

Sporcle TV

Today on Sporcle TV


Watch our educational content, quiz creation guides, and fun videos on Sporcle TV.

Show Comments

Extras

Top Quizzes Today


Score Distribution

Paid Content

Your Account Isn't Verified!

In order to create a playlist on Sporcle, you need to verify the email address you used during registration. Go to your Sporcle Settings to finish the process.

Report this User

Report this user for behavior that violates our Community Guidelines.

Details: